Diccionari de l'aparell i del velam en els gran velers / Ricard Jaime i Pérez
ISBN:
978-84-934431-1-5
Descripción Física:
350 p. ; 24 cm
Colección:
Estudis (Museu Marítim (Barcelona)) ; 10
Materias:
Velers -- Diccionaris
MARC
| LEADER | 00000nam a2200000Ia 4500 | ||
|---|---|---|---|
| 001 | 17866 | ||
| 008 | 160829s2006 xx 000 0 cat d | ||
| 020 | |a 978-84-934431-1-5 | ||
| 080 | |a C-2-455 | ||
| 100 | |a Jaime i Pérez, Ricard |9 22672 | ||
| 245 | |a Diccionari de l'aparell i del velam en els gran velers / Ricard Jaime i Pérez | ||
| 260 | |a Barcelona : |b Museu Martím de Barcelona : |b Diputació de Barcelona, |c 2006 | ||
| 300 | |a 350 p. ; |c 24 cm | ||
| 490 | |a Estudis (Museu Marítim (Barcelona)) ; 10 | ||
| 590 | |a 6è Premi de Recerca Josep Ricart i Giralt. | ||
| 590 | |a Vocabulari en català, castellà, anglès, francès i italià | ||
| 650 | |a Velers |x Diccionaris |9 22673 | ||
| 710 | |a Museu Marítim (Barcelona, Catalunya) |9 10020 | ||
| 710 | 1 | |a Barcelona (Catalunya : Província). |b Diputació |9 52408 | |
| 901 | |a Arxiu | ||
| 942 | |n 1 | ||
| 952 | |0 0 |1 0 |4 0 |6 C2455 |7 1 |9 42289 |a Arxiu |b Arxiu |d 2016-12-01 |l 0 |o C-2-455 |p 17866 |r 2016-12-01 00:00:00 |w 2016-12-01 |y ARXIU | ||
| 999 | |c 44767 |d 44767 | ||